000 00966cam a2200265 4500
001 J1153
008 090401t1987 xxu||||| |||| 00| 0 eng d
035 _a(Sirsi) u42070
041 _aeng
110 _aEngland and Wales
_bLands Tribunal
_91252
245 _aSt John`s College Oxford v. Thames Water Authority
260 _c1987
300 _a16p ; 30cm
350 _a0
490 _aREF/229/1987
520 _aReference by consent for determination of the amount of compensation to which St. Johns College Oxford, is entitled for damage done to, injurious affection of land belonging to the college at by reason of the exercise of statutory powers by Thames Water Authority.
650 _aST JOHN'S COLLEGE OXFORD V THAMES WATER AUTHORITY
650 _aValuation
_96273
650 _aWATER PIPE
650 _aDIMINUTION IN VALUE
650 _aWATER ACT 1945
690 _aCOMPULSORY PURCHASE AND COMPENSATION
942 _n0
948 _c04/03/1997
999 _c91019
_d91019